00657nam a2200193Ia 4500003000900000008004100009040001300050040001300063041000800076245007000084250001300154260000900167300001000176490000600186710004900192942000700241999001700248952019800265IT-RoPAU120407s9999 xx 000 0 und d aIT-RoPAU cIT-RoPAU aeng aPeace and Disarmament. Documents Wold Council of Churches. 2a ed. aVaticano c1982 c21 cm v1 aPontificia Commissione “Justitia et Pax” cBK c21149d21149 00102ddc406249_60000000000000071aPAULUSbPAULUSd2012-04-11l0o249.6r2012-04-11 00:00:00w2012-04-11yBKzInserito da: Mario In data: 19 settembre 2011 fondo: Via A.Severo 56 Progr:28629